| 000 | 00522nam a22001817a 4500 | ||
|---|---|---|---|
| 005 | 20251108170832.0 | ||
| 008 | 250721s1996 xx 000 0 ara d | ||
| 082 | 1 | 4 | _aط/812.962/يعق |
| 100 | 1 | _aيعقوب، لوسي | |
| 245 | 1 | 0 | _aاريد طفلتي / |
| 264 | 1 |
_aالقاهرة : _bدار الرشاد، _c1996. |
|
| 300 | _a16ص. | ||
| 490 | 0 |
_aتمثيليات لطفلي _v4 |
|
| 650 | 1 | 7 | _aالقصص العربية |
| 653 | _aناشئون صغار (10-14) سنة | ||
| 942 |
_2ddc _cBK |
||
| 999 |
_c50142 _d50142 |
||